[Event "Pilsen Open 2023 - B FIDE open"]
[Site "Parkhotel Plzen ****, Plzen"]
[Date "2023.03.07"]
[Round "4"]
[Board "12"]
[White "Tavernier, Loris"]
[Black "Hackbarth, Christa"]
[Result "1/2-1/2"]
[WhiteElo "2006"]
[BlackElo "1726"]
[PlyCount "103"]
[EventDate "2023.03.04"]
[EventRounds "9"]
[EventCountry "CZE"]

1. e4 c6 2. Nf3 d5 3. d3 dxe4 4. dxe4 Qxd1+ 5. Kxd1 Bg4 6. Be2 Nd7 7. Ne1 Bxe2+ 8.
Kxe2 e5 9. f3 Bc5 10. a4 Ne7 11. Nd3 O-O 12. Na3 Bb6 13. Rd1 Rad8 14. Nc4 Bc7 15.
Be3 b5 16. Na3 a6 17. Nc5 Nb8 18. b4 Rxd1 19. Rxd1 Rd8 20. Ra1 Nc8 21. a5 Kf8 22.
c4 Nd6 23. cxb5 Nxb5 24. Nxb5 cxb5 25. Rc1 Ke7 26. Nb7 Rd7 27. Ba7 f6 28. Nc5 Rd6
29. Bxb8 Bxb8 30. Rd1 Rd4 31. Rxd4 exd4 32. h3 Kd6 33. Kd3 Kc6 34. Ne6 Bd6 35. Nxd4+
Kb7 36. Nc2 h5 37. Kc3 Be5+ 38. Kb3 Kc6 39. Ne3 g6 40. Nd5 g5 41. Kc2 Kd6 42. Ne3
Ke6 43. Kd3 Bd6 44. Nd5 f5 45. Kd4 f4 46. e5 Bxe5+ 47. Kc5 Bd6+ 48. Kc6 Ke5 49. Nc7
Bxb4 50. Kb6 Kd4 51. Ne6+ Ke3 52. Nxg5  1/2-1/2

[Event "Pilsen Open 2023 - B FIDE open"]
[Site "Parkhotel Plzen ****, Plzen"]
[Date "2023.03.07"]
[Round "5"]
[Board "1"]
[White "Eret, Jonas"]
[Black "Kulkarni, Bhakti"]
[Result "0-1"]
[WhiteElo "2196"]
[BlackElo "2303"]
[PlyCount "94"]
[EventDate "2023.03.04"]
[EventRounds "9"]
[EventCountry "CZE"]

1. d4 Nf6 2. Nf3 g6 3. Bf4 Bg7 4. h3 O-O 5. e3 d6 6. Be2 Nbd7 7. O-O b6 8. Nbd2 Bb7
9. a4 a5 10. c3 e6 11. Qb1 e5 12. Bg3 Qe7 13. Bc4 Kh8 14. b4 e4 15. Ne1 Nh5 16. Nc2
Nxg3 17. fxg3 f5 18. bxa5 Rxa5 19. Nb3 Ra7 20. a5 Rfa8 21. axb6 Nxb6 22. Rxa7 Rxa7
23. Be2 Nd5 24. Qe1 Ra2 25. Nba1 Bh6 26. Bc4 Rb2 27. Bb3 Qg5 28. h4 Qh5 29. Bc4 Nb6
30. g4 fxg4 31. Be6 Bd5 32. Qf2 Bxe6 33. Qf6+ Bg7 34. Qxe6 h6 35. Qe8+ Kh7 36. Qe7
Nd5 37. Qxe4 Nxc3 38. Qd3 Nb5 39. g3 Qd5 40. Qd1 h5 41. Qd3 c5 42. e4 Bxd4+ 43. Kh2
Qa2 44. e5 Bxe5 45. Rf2 Nd4 46. Qe4 Nf3+ 47. Kg2 Rb1  0-1

[Event "Pilsen Open 2023 - B FIDE open"]
[Site "Parkhotel Plzen ****, Plzen"]
[Date "2023.03.07"]
[Round "5"]
[Board "2"]
[White "Zubova, Mariya"]
[Black "Krilovs, Nikolajs"]
[Result "1-0"]
[WhiteElo "2226"]
[BlackElo "2102"]
[PlyCount "83"]
[EventDate "2023.03.04"]
[EventRounds "9"]
[EventCountry "CZE"]

1. e4 c6 2. d4 d5 3. exd5 cxd5 4. Bd3 Nc6 5. c3 Nf6 6. h3 e5 7. dxe5 Nxe5 8. Qe2
Qe7 9. Bc2 Bd7 10. Bf4 Ng6 11. Bg5 Qxe2+ 12. Nxe2 Ne4 13. Be3 Be7 14. O-O O-O 15.
Rd1 Bc6 16. Nd2 Ne5 17. Nd4 Nxd2 18. Bxd2 Nc4 19. Bc1 Bf6 20. b3 Nd6 21. a4 Rfe8
22. f3 Be5 23. Kf2 h5 24. h4 Rac8 25. Ba3 Bd7 26. Bb4 b6 27. Ne2 a5 28. Bxd6 Bxd6
29. Rxd5 Bc5+ 30. Kf1 Bc6 31. Rxh5 g6 32. Rg5 Re3 33. Re1 Kg7 34. h5 Rh8 35. Ng3
Rxc3 36. Bxg6 fxg6 37. Rxg6+ Kh7 38. Rxc6 Rg8 39. Ne4 Rc2 40. Nxc5 Rgxg2 41. Re7+
Kg8 42. Rc8#  1-0

[Event "Pilsen Open 2023 - B FIDE open"]
[Site "Parkhotel Plzen ****, Plzen"]
[Date "2023.03.07"]
[Round "5"]
[Board "3"]
[White "Wiley, Tom E"]
[Black "Folk, Petr"]
[Result "1/2-1/2"]
[WhiteElo "2125"]
[BlackElo "2132"]
[PlyCount "77"]
[EventDate "2023.03.04"]
[EventRounds "9"]
[EventCountry "CZE"]

1. d4 Nf6 2. c4 g6 3. Nc3 Bg7 4. e4 d6 5. Nf3 O-O 6. Be2 Bg4 7. Be3 Nfd7 8. O-O Nc6
9. d5 Bxf3 10. Bxf3 Na5 11. Be2 Nb6 12. Bd4 Bxd4 13. Qxd4 c5 14. dxc6 Nxc6 15. Qe3
Ne5 16. b3 Qc8 17. Nd5 Nxd5 18. cxd5 Qc5 19. Qxc5 dxc5 20. Rac1 Rac8 21. f4 Nd7 22.
Rfd1 a6 23. e5 Rfd8 24. d6 exd6 25. Rxd6 Nf8 26. Bg4 f5 27. Bf3 Rxd6 28. exd6 b6
29. b4 Nd7 30. Bb7 Rd8 31. Bxa6 cxb4 32. Rc8 Rxc8 33. Bxc8 Nc5 34. d7 Ne6 35. Ba6
Kf8 36. Bc4 Nd8 37. Kf2 Ke7 38. Bg8 Kf8 39. Bd5  1/2-1/2

[Event "Pilsen Open 2023 - B FIDE open"]
[Site "Parkhotel Plzen ****, Plzen"]
[Date "2023.03.07"]
[Round "5"]
[Board "4"]
[White "Heinzel, Olaf"]
[Black "Lihotsky, Lukas"]
[Result "1-0"]
[WhiteElo "2284"]
[BlackElo "2053"]
[PlyCount "65"]
[EventDate "2023.03.04"]
[EventRounds "9"]
[EventCountry "CZE"]

1. c4 e6 2. g3 d5 3. Bg2 Nf6 4. Nf3 Be7 5. O-O O-O 6. b3 c5 7. Bb2 Nc6 8. cxd5 exd5
9. d4 Be6 10. dxc5 Bxc5 11. Nc3 Re8 12. Rc1 Rc8 13. Ng5 Bg4 14. Nxd5 Bxe2 15. Nxf6+
gxf6 16. Qxd8 Nxd8 17. Ne4 Bxf1 18. Nxf6+ Kf8 19. Kxf1 Ne6 20. Nxe8 Rxe8 21. Bxb7
Ke7 22. h4 Rd8 23. Rc2 Bb6 24. Be4 h6 25. Kg2 Rd1 26. Re2 Kf8 27. Bc2 Rd8 28. Bf6
Rc8 29. Bf5 Rc6 30. Bxe6 fxe6 31. Be5 Kf7 32. Bf4 Kg6 33. Be3  1-0

[Event "Pilsen Open 2023 - B FIDE open"]
[Site "Parkhotel Plzen ****, Plzen"]
[Date "2023.03.07"]
[Round "5"]
[Board "5"]
[White "Sorm, Daniel"]
[Black "Chinguun, Bayaraa"]
[Result "0-1"]
[WhiteElo "2322"]
[BlackElo "2013"]
[PlyCount "120"]
[EventDate "2023.03.04"]
[EventRounds "9"]
[EventCountry "CZE"]

1. d4 Nf6 2. c4 g6 3. Nc3 d5 4. cxd5 Nxd5 5. e4 Nxc3 6. bxc3 Bg7 7. Nf3 c5 8. Bb5+
Nd7 9. O-O O-O 10. Bg5 a6 11. Bd3 b6 12. Qd2 Bb7 13. Rad1 b5 14. d5 Nb6 15. Bh6 e6
16. dxe6 fxe6 17. Bxg7 Kxg7 18. Qe3 Qe7 19. Ng5 Rae8 20. f4 Na4 21. Be2 h6 22. Nf3
Rd8 23. Ne5 c4 24. Bh5 Rxd1 25. Rxd1 Rd8 26. Qg3 Rxd1+ 27. Bxd1 Qc5+ 28. Kf1 Bxe4
29. Bxa4 bxa4 30. Qf2 Qxf2+ 31. Kxf2 a3 32. Nxc4 Bd5 33. Nxa3 Bxa2 34. Ke3 Kf6 35.
c4 e5 36. Ke4 exf4 37. Kxf4 Ke6 38. Ke4 Bb3 39. Kd4 Kd6 40. Kc3 Ba4 41. Kb4 Bc6 42.
g3 a5+ 43. Kxa5 Kc5 44. Ka6 Be4 45. Ka7 Kb4 46. Kb6 Kxa3 47. c5 Kb4 48. c6 Kc4 49.
c7 Bf5 50. Kb7 Kd4 51. c8=Q Bxc8+ 52. Kxc8 Ke4 53. Kd7 Kf3 54. Ke6 Kg2 55. Kf6 g5
56. h4 g4 57. Kg6 Kxg3 58. h5 Kf4 59. Kxh6 g3 60. Kh7 g2  0-1

[Event "Pilsen Open 2023 - B FIDE open"]
[Site "Parkhotel Plzen ****, Plzen"]
[Date "2023.03.07"]
[Round "5"]
[Board "6"]
[White "Auwens, Michel"]
[Black "Simet, Martin"]
[Result "0-1"]
[WhiteElo "1835"]
[BlackElo "2201"]
[PlyCount "78"]
[EventDate "2023.03.04"]
[EventRounds "9"]
[EventCountry "CZE"]

1. d3 d5 2. Nf3 Nf6 3. g3 b6 4. Bg2 Bb7 5. Nbd2 Nbd7 6. b3 e5 7. d4 e4 8. Ne5 e3
9. fxe3 Nxe5 10. dxe5 Ng4 11. Nf3 Bb4+ 12. Kf1 Bc3 13. Rb1 Nxe5 14. h3 Qd6 15. Kf2
O-O-O 16. Bd2 Bxd2 17. Qxd2 Nd7 18. Qd4 Nf6 19. Nd2 Rhe8 20. c4 Re5 21. cxd5 Bxd5
22. e4 c5 23. Qd3 Nxe4+ 24. Nxe4 Bxe4 25. Bxe4 Qf6+ 26. Qf3 Rxe4 27. Qxf6 gxf6 28.
Rbd1 Rde8 29. Rd2 Kc7 30. Rhd1 R8e7 31. Rc1 Kc6 32. Rc3 Kb5 33. Rf3 R7e6 34. a3 a5
35. Rf5 R4e5 36. Rxe5 fxe5 37. Rd7 a4 38. bxa4+ Kxa4 39. Ra7+ Kb3  0-1

[Event "Pilsen Open 2023 - B FIDE open"]
[Site "Parkhotel Plzen ****, Plzen"]
[Date "2023.03.07"]
[Round "5"]
[Board "7"]
[White "Limbrunner, Steven"]
[Black "Gurack, Daniel"]
[Result "0-1"]
[WhiteElo "1815"]
[BlackElo "2051"]
[PlyCount "72"]
[EventDate "2023.03.04"]
[EventRounds "9"]
[EventCountry "CZE"]

1. c4 e6 2. Nc3 d5 3. d4 Nf6 4. Nf3 Be7 5. e3 O-O 6. Bd3 dxc4 7. Bxc4 b6 8. O-O Bb7
9. Re1 Nbd7 10. e4 c6 11. Bg5 Ne8 12. Bf4 b5 13. Bb3 b4 14. Ne2 Nef6 15. Ng3 Qb6
16. Rc1 Rac8 17. Qe2 Rfd8 18. Red1 Ba6 19. Bc4 Bxc4 20. Rxc4 Qb5 21. Kf1 h6 22. Rc2
Qxe2+ 23. Kxe2 Nb6 24. Rdc1 Na4 25. Be3 Nd7 26. Rxc6 Nc3+ 27. R6xc3 bxc3 28. bxc3
Ba3 29. Rc2 Nb6 30. Nf1 Rd7 31. Bc1 Bxc1 32. Rxc1 Rdc7 33. Ne3 Rxc3 34. Rxc3 Rxc3
35. d5 exd5 36. exd5 Rxe3+  0-1

[Event "Pilsen Open 2023 - B FIDE open"]
[Site "Parkhotel Plzen ****, Plzen"]
[Date "2023.03.07"]
[Round "5"]
[Board "8"]
[White "Turner, Radek"]
[Black "Bergerhoff, Andreas"]
[Result "1/2-1/2"]
[WhiteElo "1993"]
[BlackElo "2016"]
[PlyCount "97"]
[EventDate "2023.03.04"]
[EventRounds "9"]
[EventCountry "CZE"]

1. c4 f5 2. g3 Nf6 3. Bg2 e5 4. d4 exd4 5. Qxd4 Nc6 6. Qe3+ Be7 7. Nf3 d5 8. cxd5
Nb4 9. Na3 Nbxd5 10. Qb3 c6 11. O-O Ne4 12. Be3 Nxe3 13. Qxe3 Bc5 14. Qb3 Qe7 15.
e3 Be6 16. Qc2 Bxa3 17. bxa3 O-O 18. Nd4 Bd5 19. a4 c5 20. Nb5 b6 21. f3 Ng5 22.
Rac1 Rad8 23. h4 Ne6 24. e4 fxe4 25. fxe4 Ba8 26. Qc4 Kh8 27. Rxf8+ Rxf8 28. Rf1
Rxf1+ 29. Qxf1 h6 30. Qf5 a6 31. Nc3 Qf6 32. Qxf6 gxf6 33. Nd5 c4 34. Bf1 b5 35.
axb5 axb5 36. Kf2 Kg7 37. Ke3 f5 38. Bh3 Bxd5 39. exd5 Nd8 40. Bxf5 Kf6 41. Bd7 b4
42. Kd4 b3 43. axb3 cxb3 44. Kc3 Nb7 45. g4 Nc5 46. Bb5 Ke5 47. Bc4 Ne4+ 48. Kxb3
Nf6 49. g5  1/2-1/2

[Event "Pilsen Open 2023 - B FIDE open"]
[Site "Parkhotel Plzen ****, Plzen"]
[Date "2023.03.07"]
[Round "5"]
[Board "11"]
[White "Chubar, Vladimir"]
[Black "Tavernier, Loris"]
[Result "1/2-1/2"]
[WhiteElo "1802"]
[BlackElo "2006"]
[PlyCount "35"]
[EventDate "2023.03.04"]
[EventRounds "9"]
[EventCountry "CZE"]

1. d4 c6 2. Nf3 d5 3. Nc3 Nf6 4. Bg5 Bf5 5. e3 Nbd7 6. Bd3 Bg6 7. O-O e6 8. e4 dxe4
9. Nxe4 Be7 10. Nxf6+ Bxf6 11. Bxf6 Qxf6 12. Re1 O-O 13. Bxg6 Qxg6 14. c4 Rfd8 15.
Qb3 Rab8 16. Re3 b5 17. c5 a5 18. Rae1  1/2-1/2

[Event "Pilsen Open 2023 - B FIDE open"]
[Site "Parkhotel Plzen ****, Plzen"]
[Date "2023.03.07"]
[Round "5"]
[Board "12"]
[White "Boeren, Jurriaan"]
[Black "Kalveus, Jan"]
[Result "1-0"]
[WhiteElo "1998"]
[BlackElo "1815"]
[PlyCount "89"]
[EventDate "2023.03.04"]
[EventRounds "9"]
[EventCountry "CZE"]

1. e4 e6 2. d4 d5 3. exd5 exd5 4. Nf3 Nf6 5. Bd3 Bd6 6. Qe2+ Qe7 7. Qxe7+ Kxe7 8.
O-O Re8 9. Bg5 Nbd7 10. Nc3 c6 11. Bxh7 Nf8 12. Rfe1+ Be6 13. Bd3 Kd7 14. Bxf6 gxf6
15. Nh4 Kc7 16. g3 Nd7 17. Nd1 Rg8 18. Ne3 Rg5 19. Nef5 Rh8 20. c3 Rhh5 21. Nxd6
Rxh4 22. Nf5 Rh8 23. Ne3 f5 24. f4 Rgh5 25. Re2 Nf6 26. Rf1 Ne4 27. Bxe4 dxe4 28.
c4 Rd8 29. Rd2 Bc8 30. Rfd1 Rh6 31. d5 c5 32. b4 Kd6 33. Rb1 b6 34. a3 Rf6 35. Kg2
Bb7 36. bxc5+ Kxc5 37. Rb5+ Kd6 38. c5+ Kc7 39. Rc2 bxc5 40. Rcxc5+ Kb8 41. Rc6 Rdd6
42. Nc4 Rxc6 43. dxc6 Rxc6 44. Na5 Ra6 45. Rxb7+  1-0

[Event "Pilsen Open 2023 - B FIDE open"]
[Site "Parkhotel Plzen ****, Plzen"]
[Date "2023.03.08"]
[Round "6"]
[Board "3"]
[White "Simet, Martin"]
[Black "Wiley, Tom E"]
[Result "1-0"]
[WhiteElo "2201"]
[BlackElo "2125"]
[PlyCount "59"]
[EventDate "2023.03.04"]
[EventRounds "9"]
[EventCountry "CZE"]

1. d4 Nf6 2. c4 e6 3. Nc3 Bb4 4. f3 O-O 5. e4 d5 6. e5 Nfd7 7. cxd5 exd5 8. f4 c5
9. a3 cxd4 10. axb4 dxc3 11. bxc3 Nb6 12. Bd3 f6 13. Nf3 fxe5 14. Nxe5 Bf5 15. O-O
Bxd3 16. Qxd3 Nc6 17. Be3 Nxe5 18. fxe5 Rxf1+ 19. Rxf1 Nc4 20. Bc5 Nxe5 21. Qe3 Ng6
22. Qe6+ Kh8 23. Rf7 Qg5 24. Be3 Qh5 25. g4 Qe5 26. Qxe5 Nxe5 27. Rxb7 Nxg4 28. Bxa7
h6 29. b5 Ne5 30. Kg2  1-0

[Event "Pilsen Open 2023 - B FIDE open"]
[Site "Parkhotel Plzen ****, Plzen"]
[Date "2023.03.08"]
[Round "6"]
[Board "5"]
[White "Krilovs, Nikolajs"]
[Black "Chinguun, Bayaraa"]
[Result "1-0"]
[WhiteElo "2102"]
[BlackElo "2013"]
[PlyCount "89"]
[EventDate "2023.03.04"]
[EventRounds "9"]
[EventCountry "CZE"]

1. Nf3 Nf6 2. c4 g6 3. Nc3 d5 4. d4 Bg7 5. e3 O-O 6. cxd5 Nxd5 7. Bc4 Nxc3 8. bxc3
c5 9. O-O Qa5 10. Qb3 e6 11. a4 Nd7 12. Ba3 b6 13. Nd2 Ba6 14. Bb5 Bxb5 15. axb5
a6 16. bxa6 Qxa6 17. Bxc5 Nxc5 18. Rxa6 Nxb3 19. Rxa8 Nxd2 20. Rfa1 Rxa8 21. Rxa8+
Bf8 22. f3 Kg7 23. Kf2 b5 24. Ke2 Nc4 25. Rb8 Na3 26. g3 h5 27. Rb6 Be7 28. Kd3 h4
29. e4 h3 30. Rb7 Kf8 31. Rb8+ Kg7 32. f4 f5 33. e5 Kf7 34. Rb7 Kf8 35. d5 exd5 36.
Kd4 Kf7 37. Kxd5 Nb1 38. c4 Nc3+ 39. Kd4 b4 40. c5 Ne4 41. c6 Ke6 42. Kc4 b3 43.
Kxb3 Nxg3 44. Rb8 Bd6 45. exd6  1-0

[Event "Pilsen Open 2023 - B FIDE open"]
[Site "Parkhotel Plzen ****, Plzen"]
[Date "2023.03.08"]
[Round "6"]
[Board "6"]
[White "Lihotsky, Lukas"]
[Black "Vlk, Miloslav"]
[Result "1-0"]
[WhiteElo "2053"]
[BlackElo "1945"]
[PlyCount "47"]
[EventDate "2023.03.04"]
[EventRounds "9"]
[EventCountry "CZE"]

1. d4 d5 2. c4 c6 3. Nf3 Nf6 4. Nc3 dxc4 5. a4 Bf5 6. Ne5 e6 7. f3 c5 8. e4 Bg6 9.
Bxc4 Nc6 10. Bb5 Qc7 11. Bf4 Bd6 12. Nxg6 hxg6 13. Bxd6 Qxd6 14. e5 Qc7 15. exf6
O-O-O 16. Bxc6 bxc6 17. Qe2 cxd4 18. fxg7 Rh5 19. Ne4 d3 20. Qxd3 Rxd3 21. g8=Q+
Kb7 22. Ke2 Rb3 23. Rab1 Qf4 24. Qxf7+  1-0

[Event "Pilsen Open 2023 - B FIDE open"]
[Site "Parkhotel Plzen ****, Plzen"]
[Date "2023.03.08"]
[Round "6"]
[Board "7"]
[White "Gil, Arthur"]
[Black "Folkova, Martina"]
[Result "0-1"]
[WhiteElo "1956"]
[BlackElo "2044"]
[PlyCount "102"]
[EventDate "2023.03.04"]
[EventRounds "9"]
[EventCountry "CZE"]

1. e4 e5 2. Nf3 Nc6 3. d4 exd4 4. Nxd4 Qf6 5. Be3 Bc5 6. Nb5 Bxe3 7. fxe3 Qh4+ 8.
g3 Qd8 9. Qg4 Kf8 10. Qf4 d6 11. Bc4 Ne5 12. O-O Nf6 13. Bb3 Bh3 14. Rf2 Bg4 15.
N1c3 a6 16. Nd4 c5 17. Bd5 cxd4 18. exd4 Ng6 19. Qd2 Qe7 20. Raf1 Bh3 21. Rxf6 gxf6
22. Qh6+ Kg8 23. Qxh3 Kg7 24. Qf5 h5 25. Bc4 Rae8 26. Bd3 Qe6 27. Qf2 h4 28. Nd5
hxg3 29. Qxg3 Rh3 30. Qg2 Reh8 31. Nf4 Qd7 32. Nxh3 Rxh3 33. Rf5 Rh6 34. c3 Qe6 35.
Kh1 Qxa2 36. Rd5 Qa1+ 37. Bf1 Rh4 38. Rf5 Qe1 39. e5 dxe5 40. dxe5 fxe5 41. Qxb7
Rf4 42. Qxf7+ Kh6 43. Rxf4 exf4 44. Qc4 f3 45. Qxa6 Kg5 46. Qd3 Ne5 47. Qa6 Ng4 48.
Qa5+ Kf4 49. Qb4+ Kg5 50. Qc5+ Kh4 51. Qc4 Qf2  0-1

[Event "Pilsen Open 2023 - B FIDE open"]
[Site "Parkhotel Plzen ****, Plzen"]
[Date "2023.03.08"]
[Round "6"]
[Board "8"]
[White "Bergerhoff, Andreas"]
[Black "Weijers, Ralf"]
[Result "1/2-1/2"]
[WhiteElo "2016"]
[BlackElo "1890"]
[PlyCount "112"]
[EventDate "2023.03.04"]
[EventRounds "9"]
[EventCountry "CZE"]

1. d4 Nf6 2. Nc3 d6 3. e4 Nbd7 4. f4 e5 5. Nf3 exd4 6. Qxd4 c6 7. Bd2 Qb6 8. O-O-O
Nc5 9. h3 Ne6 10. Qxb6 axb6 11. Kb1 Nh5 12. f5 Nc5 13. Be1 g6 14. g4 Ng7 15. Bg3
h5 16. fxg6 hxg4 17. gxf7+ Kxf7 18. Ng5+ Kg6 19. h4 Be7 20. Bg2 Rd8 21. Ne2 Nce6
22. Nxe6 Bxe6 23. Nf4+ Kh6 24. Nxe6 Nxe6 25. Rhf1 Kg7 26. c4 Ra5 27. Rf5 Kg6 28.
Rdf1 Rf8 29. Be1 Raa8 30. h5+ Kg7 31. Bc3+ Kg8 32. h6 Bg5 33. e5 Rxf5 34. Rxf5 Rf8
35. Be4 Bxh6 36. exd6 Nc5 37. Rxf8+ Bxf8 38. d7 Nxd7 39. b4 Bg7 40. Be1 Ne5 41. b5
Kf7 42. Bg3 Nxc4 43. bxc6 bxc6 44. Bxc6 Ke6 45. Bb7 Be5 46. Bf2 g3 47. Bg1 Bd6 48.
Kc2 Bc5 49. Bxc5 bxc5 50. Kd3 Nd6 51. Bh1 Kd7 52. Bd5 c4+ 53. Ke3 c3 54. Kd3 Nb5
55. a4 Kd6 56. Bh1 Kc5  1/2-1/2

[Event "Pilsen Open 2023 - B FIDE open"]
[Site "Parkhotel Plzen ****, Plzen"]
[Date "2023.03.08"]
[Round "6"]
[Board "9"]
[White "Nagrocki, Marek"]
[Black "Turner, Radek"]
[Result "1-0"]
[WhiteElo "1734"]
[BlackElo "1993"]
[PlyCount "93"]
[EventDate "2023.03.04"]
[EventRounds "9"]
[EventCountry "CZE"]

1. b3 e5 2. Bb2 Nc6 3. e3 Nf6 4. Bb5 Bd6 5. Na3 Na5 6. Nc4 Nxc4 7. Bxc4 e4 8. f3
Qe7 9. fxe4 Qxe4 10. Nf3 Qg6 11. O-O b5 12. Bxb5 Bb7 13. Bd3 Qg4 14. h3 Qg3 15. Qe1
Ne4 16. Bxe4 Bxe4 17. Qxg3 Bxg3 18. d3 Bf5 19. e4 Be6 20. Bxg7 Rg8 21. Bd4 d6 22.
Kh1 c5 23. Bf2 Bf4 24. d4 cxd4 25. Bxd4 a5 26. c4 a4 27. Nh4 Bd2 28. Nf5 Bxf5 29.
Rxf5 axb3 30. axb3 Rxa1+ 31. Bxa1 Rg3 32. Rf3 Rg5 33. Bf6 Ra5 34. Rd3 Bf4 35. g4
Kd7 36. Kg2 Ke6 37. Kf3 Bc1 38. Bd4 h5 39. Bf2 hxg4+ 40. hxg4 Ra2 41. Be1 Rh2 42.
Bg3 Rd2 43. Rd5 Rxd5 44. cxd5+ Ke7 45. e5 dxe5 46. Bxe5 Ba3 47. Ke4  1-0

[Event "Pilsen Open 2023 - B FIDE open"]
[Site "Parkhotel Plzen ****, Plzen"]
[Date "2023.03.08"]
[Round "6"]
[Board "10"]
[White "Wojtczak, Maciej"]
[Black "Nagly, Wojciech"]
[Result "1-0"]
[WhiteElo "2242"]
[BlackElo "1690"]
[PlyCount "93"]
[EventDate "2023.03.04"]
[EventRounds "9"]
[EventCountry "CZE"]

1. Nf3 Nc6 2. d4 d5 3. g3 Bg4 4. Bg2 e6 5. O-O Bd6 6. c4 dxc4 7. Qa4 Nge7 8. Qxc4
O-O 9. Rd1 Re8 10. Nc3 h6 11. Qb3 Na5 12. Qc2 Rb8 13. Ne5 Bf5 14. e4 Bh7 15. Qa4
b6 16. b4 Nb7 17. Nc4 a5 18. bxa5 Nxa5 19. e5 Nd5 20. Nxd5 exd5 21. Nxa5 bxa5 22.
exd6 Qxd6 23. Bf4 Qb6 24. Rac1 Re7 25. Bxd5 Rd8 26. Bg2 g5 27. Be3 Qb2 28. Qb3 Qe2
29. d5 Rde8 30. Re1 Qa6 31. Qc4 Qf6 32. Bd2 Rxe1+ 33. Bxe1 Qb6 34. Bc3 h5 35. Qc6
Qxc6 36. dxc6 Re2 37. Bxa5 Rxa2 38. Bxc7 h4 39. Be5 Bf5 40. c7 Bc8 41. Rd1 Kh7 42.
h3 Re2 43. Bd6 f5 44. gxh4 gxh4 45. Bf4 Rc2 46. Ra1 Be6 47. Bf1  1-0

[Event "Pilsen Open 2023 - B FIDE open"]
[Site "Parkhotel Plzen ****, Plzen"]
[Date "2023.03.08"]
[Round "6"]
[Board "11"]
[White "Tavernier, Loris"]
[Black "Morselli, Stefano"]
[Result "1-0"]
[WhiteElo "2006"]
[BlackElo "1749"]
[PlyCount "53"]
[EventDate "2023.03.04"]
[EventRounds "9"]
[EventCountry "CZE"]

1. e4 d6 2. d4 Nf6 3. Nc3 g6 4. Bd3 Bg7 5. h4 Nc6 6. Nf3 Bg4 7. Be3 e5 8. d5 Ne7
9. Qd2 Qd7 10. Nh2 c6 11. f3 cxd5 12. exd5 Nfxd5 13. Bb5 Nc6 14. Nxd5 Be6 15. O-O-O
f5 16. Nb4 O-O 17. Bh6 Qf7 18. Bxg7 Kxg7 19. Nxc6 bxc6 20. Bxc6 Rac8 21. Bd5 Bxd5
22. Qxd5 Qc7 23. c3 Qb6 24. Qxd6 Qa5 25. Rhe1 Rc5 26. Kb1 Rfc8 27. Qe7+  1-0

[Event "Pilsen Open 2023 - B FIDE open"]
[Site "Parkhotel Plzen ****, Plzen"]
[Date "2023.03.09"]
[Round "7"]
[Board "1"]
[White "Simet, Martin"]
[Black "Kulkarni, Bhakti"]
[Result "0-1"]
[WhiteElo "2201"]
[BlackElo "2303"]
[PlyCount "64"]
[EventDate "2023.03.04"]
[EventRounds "9"]
[EventCountry "CZE"]

1. b3 d5 2. Bb2 Bg4 3. Nf3 Nd7 4. d4 e6 5. Nbd2 Ngf6 6. g3 Be7 7. Bg2 O-O 8. O-O
h6 9. Qe1 Bf5 10. Rc1 a5 11. a3 Ne4 12. Ne5 Nxd2 13. Qxd2 Nxe5 14. dxe5 c6 15. Qd4
f6 16. e4 fxe5 17. Qc3 Bf6 18. Qe1 Bg6 19. exd5 exd5 20. Bxe5 Re8 21. Bxf6 Qxf6 22.
Qd1 a4 23. c4 d4 24. c5 d3 25. bxa4 Qd4 26. Qb3+ Kh7 27. Rc4 Qd7 28. Qc3 Rad8 29.
Bf3 d2 30. Rb4 Qd3 31. Qxd3 Bxd3 32. Rd1 Re1+  0-1

[Event "Pilsen Open 2023 - B FIDE open"]
[Site "Parkhotel Plzen ****, Plzen"]
[Date "2023.03.09"]
[Round "7"]
[Board "2"]
[White "Heinzel, Olaf"]
[Black "Krilovs, Nikolajs"]
[Result "1-0"]
[WhiteElo "2284"]
[BlackElo "2102"]
[PlyCount "119"]
[EventDate "2023.03.04"]
[EventRounds "9"]
[EventCountry "CZE"]

1. Nf3 c5 2. c4 Nc6 3. d4 cxd4 4. Nxd4 g6 5. Nc3 Bg7 6. Nc2 d6 7. e4 Nf6 8. Be2 O-O
9. O-O Nd7 10. Be3 Nc5 11. f3 f5 12. exf5 Bxf5 13. Nd4 Nxd4 14. Bxd4 Bxd4+ 15. Qxd4
Be6 16. Kh1 Bf7 17. Rad1 Ne6 18. Qh4 Rc8 19. Ne4 Kh8 20. b3 Bg8 21. f4 Ng7 22. Bg4
Rc6 23. Rf3 d5 24. Ng5 Qc7 25. cxd5 Rc1 26. Rff1 Rxd1 27. Bxd1 Nf5 28. Qh3 Qc5 29.
Be2 Qe3 30. Bc4 Qxh3 31. Nxh3 Ne3 32. Re1 Nxd5 33. g3 a6 34. Kg1 e6 35. Ng5 b5 36.
Bxd5 exd5 37. Kf2 Rc8 38. Ke3 Re8+ 39. Kd2 Rxe1 40. Kxe1 Kg7 41. Nf3 Kf6 42. Nd4
g5 43. Kd2 gxf4 44. gxf4 Kg6 45. Ke3 Kh5 46. Kf3 Kh4 47. Nf5+ Kh3 48. Nh6 Be6 49.
f5 Bd7 50. f6 Be6 51. f7 Bxf7 52. Nxf7 Kxh2 53. Nh6 Kh3 54. b4 Kh4 55. Kf4 Kh3 56.
Nf5 h5 57. Ng7 h4 58. Nf5 d4 59. Ke4 Kg4 60. Nxh4  1-0

[Event "Pilsen Open 2023 - B FIDE open"]
[Site "Parkhotel Plzen ****, Plzen"]
[Date "2023.03.09"]
[Round "7"]
[Board "3"]
[White "Zubova, Mariya"]
[Black "Gurack, Daniel"]
[Result "1/2-1/2"]
[WhiteElo "2226"]
[BlackElo "2051"]
[PlyCount "80"]
[EventDate "2023.03.04"]
[EventRounds "9"]
[EventCountry "CZE"]

1. e4 e6 2. d4 d5 3. exd5 exd5 4. Nf3 Nf6 5. Bd3 Bd6 6. Qe2+ Qe7 7. Qxe7+ Kxe7 8.
O-O Re8 9. Bg5 h6 10. Bh4 g5 11. Bg3 Ne4 12. Re1 Kf8 13. Bxd6+ Nxd6 14. Nbd2 Bf5
15. Bxf5 Nxf5 16. Rxe8+ Kxe8 17. Re1+ Ne7 18. Ne5 Kf8 19. Ng4 Nbc6 20. c3 Kg7 21.
Nf3 Rd8 22. h4 f5 23. Nge5 Kf6 24. b4 g4 25. Nxc6 Nxc6 26. Ne5 Rd6 27. g3 a6 28.
a4 b6 29. f4 gxf3 30. Kf2 Re6 31. Nxf3 Re4 32. Re3 a5 33. b5 Nd8 34. Ne5 Rxe3 35.
Kxe3 Ne6 36. Kf3 Nc5 37. dxc5 Kxe5 38. c6 h5 39. Ke3 Ke6 40. Kf4 Kf6  1/2-1/2

[Event "Pilsen Open 2023 - B FIDE open"]
[Site "Parkhotel Plzen ****, Plzen"]
[Date "2023.03.09"]
[Round "7"]
[Board "4"]
[White "Eret, Jonas"]
[Black "Lihotsky, Lukas"]
[Result "1-0"]
[WhiteElo "2196"]
[BlackElo "2053"]
[PlyCount "67"]
[EventDate "2023.03.04"]
[EventRounds "9"]
[EventCountry "CZE"]

1. b3 e5 2. Bb2 Nc6 3. e3 d5 4. Bb5 Bd6 5. Nf3 f6 6. c4 a6 7. cxd5 axb5 8. dxc6 bxc6
9. Qc2 Ne7 10. d4 e4 11. Nfd2 f5 12. O-O O-O 13. f3 exf3 14. Nxf3 Be6 15. Nbd2 Nd5
16. Rfe1 Qd7 17. a3 Nf6 18. Ne5 Bxe5 19. dxe5 Ne4 20. Nxe4 fxe4 21. Rad1 Bd5 22.
Rb1 Qe6 23. Bd4 Rf5 24. a4 Raf8 25. Bc5 Ra8 26. Rf1 h6 27. Rxf5 Qxf5 28. Bd4 Qc8
29. Rf1 bxa4 30. bxa4 Qa6 31. Qf2 Bc4 32. e6 Kh8 33. Qf7 Rg8 34. Qg6  1-0

[Event "Pilsen Open 2023 - B FIDE open"]
[Site "Parkhotel Plzen ****, Plzen"]
[Date "2023.03.09"]
[Round "7"]
[Board "5"]
[White "Folkova, Martina"]
[Black "Folk, Petr"]
[Result "1/2-1/2"]
[WhiteElo "2044"]
[BlackElo "2132"]
[PlyCount "28"]
[EventDate "2023.03.04"]
[EventRounds "9"]
[EventCountry "CZE"]

1. d4 d5 2. c4 c6 3. Nc3 Nf6 4. Nf3 e6 5. Bg5 h6 6. Bh4 Be7 7. cxd5 exd5 8. e3 Bf5
9. Bd3 Bxd3 10. Qxd3 O-O 11. O-O Ne4 12. Bxe7 Qxe7 13. Nd2 Nxd2 14. Qxd2 Nd7  1/2-1/2